| 000 | 00533nam a2200169Ia 4500 | ||
|---|---|---|---|
| 003 | GCL | ||
| 008 | 140319s9999 xx 000 0 ara d | ||
| 040 |
_aGCL / _cGCL |
||
| 082 | 0 | 4 |
_aق _b953.0739 _bا ص |
| 100 | 1 | _aاحمد احمد بدوى | |
| 245 | 1 | 0 |
_aصلاح الدين الايوبى بين شعراء عصرة وكتابة / _cاحمد احمد بدوى |
| 300 | _a163 ص | ||
| 490 |
_aالمكتبة الثقافية _v0 |
||
| 650 | 0 | 4 | _aالشعراء |
| 650 | 0 | 4 | _aصلاح الدين الايوبى |
| 942 |
_2ddc _cBK |
||
| 999 |
_c39288 _d39288 |
||